United State: State Animal - Statistics

General Stats
  • This quiz has been taken 5 times
  • The average score is 25 of 49
Answer Stats
Answer % Correct
Alabama American Black Bear
100%
Alaska Moose
100%
Kansas American Bison
67%
Wyoming American Bison
67%
Wisonsin Badger
67%
Oregon Beaver
67%
Nevada Big horned Sheep
67%
Louisiana Black Bear
67%
New Hampshire Bob Cat
67%
Maryland Calico Cat
67%
California California Grizzly Bear
67%
Florida Florida Panther
67%
Kentucky Gray Squirrel
67%
Delaware Grey Fox
67%
Montana Grizzly Bear
67%
Massachusetts Groundhog
67%
Hawaii Hawaiian Hoary Bat
67%
New Jersey Horse
67%
Maine Moose
67%
Missouri Mule
67%
Arizona Ring-tailed cat
67%
Colorado Rocky Mountain Big Horned Sheep
67%
Connecticut Sperm Whale
67%
Arkansas White-Tailed Deer
67%
Geogria White-Tailed deer
67%
illinois White Tailed-Deer
67%
Michigan White Tailed-Deer
67%
Mississippi White-Tailed Deer
67%
Nebraska White-Tailed Deer
67%
Ohio White-Tailed Deer
67%
Pennsylvania White-Tailed Deer
67%
Virginia Big-Eared Bat
33%
West Virginia Black Bear
33%
Indiana Cardinal
33%
South Dakota Coyote
33%
Utah Elk
33%
Oklahoma Free-Tailed bat
33%
Rhode Island Harbor Seal
33%
Texas Long Horn
33%
Vermont Morgan Horse
33%
South Carolina Mule
33%
Washington Olympic Marmot
33%
Tennessee Racoon
33%
North Carolina Beaver
0%
Minnesota Black Bear
0%
New York Black Bear
0%
Iowa Eagle
0%
North Dakota Opossum
0%
Idaho White Tailed Deer
0%
No matching quizzes found
Score Distribution
Percent of People with Each Score
Percentile by Number Answered
Your Score History
You have not taken this quiz